JR東日本のご当地メロディーが採用されている/いた駅 - Statistics

General Stats
  • This quiz has been taken 40 times
    14 since last reset
  • The average score is 120 of 150
Answer Stats
Answer % Correct
上野
100%
大宮
100%
仙台
100%
盛岡
100%
八戸
100%
新青森
100%
宇佐美
100%
伊東
100%
品川
100%
宇都宮
100%
さいたま新都心
100%
与野
100%
北浦和
100%
浦和
100%
舞浜
100%
赤羽
100%
龍ケ崎市
100%
牛久
100%
荒川沖
100%
土浦
100%
石岡
100%
常陸多賀
100%
日立
100%
小木津
100%
三鷹
100%
国分寺
100%
西国分寺
100%
八王子
100%
川崎
100%
藤沢
100%
茅ケ崎
100%
二宮
100%
国府津
100%
小田原
100%
武蔵小杉
100%
登戸
100%
東京
91%
郡山
91%
福島
91%
一ノ関
91%
水沢江刺
91%
新花巻
91%
秋田
91%
長野
91%
上越妙高
91%
新橋
91%
蘇我
91%
蒲田
91%
桜木町
91%
関内
91%
海浜幕張
91%
91%
我孫子
91%
神立
91%
岩間
91%
友部
91%
大甕
91%
十王
91%
高萩
91%
湯本
91%
いわき
91%
鴻巣
91%
北鴻巣
91%
吹上
91%
行田
91%
熊谷
91%
籠原
91%
深谷
91%
武蔵小金井
91%
豊田
91%
辻堂
91%
平塚
91%
武蔵中原
91%
宿河原
91%
新座
91%
北朝霞
91%
駒込
91%
神田
91%
桐生
91%
白石蔵王
82%
新庄
82%
田沢湖
82%
角館
82%
大曲
82%
高崎
82%
飯山
82%
木更津
82%
西川口
82%
川口
82%
戸田公園
82%
戸田
82%
北戸田
82%
広野
82%
原ノ町
82%
上尾
82%
北上尾
82%
石和温泉
82%
成田
82%
武蔵溝ノ口
82%
稲田堤
82%
池袋
82%
小机
82%
前橋
82%
足利
82%
あしかがフラワーパーク
82%
山形
73%
館山
73%
蓮田
73%
青梅
73%
高輪ゲートウェイ
73%
恵比寿
73%
与野本町
73%
磯原
73%
宮城野原
73%
石巻
73%
水道橋
73%
高円寺
73%
阿佐ケ谷
73%
矢野口
73%
高田馬場
73%
鎌倉
73%
淵野辺
73%
西立川
64%
奥多摩
64%
渋谷
64%
水上
64%
笠間
64%
南越谷
64%
原宿
64%
栃木
64%
大館
55%
弘前
55%
あおば通
55%
東川口
55%
村上
45%
横手
45%
湯沢
36%
後閑
36%
会津若松
36%
新津
27%
今市
27%
土崎
18%
追分
18%
男鹿
18%
烏山
18%
藤崎
18%
酒田
9%
篠ノ井
9%
替佐
0%
鏡石
0%
No matching quizzes found
Score Distribution
Percent of People with Each Score
Percentile by Number Answered
Your Score History
You have not taken this quiz since the last reset